Say She Luv Me - Chief Keef (all lyrics) - Statistics

General Stats
  • This quiz has been taken 17 times
  • The average score is 118 of 346
Answer Stats
Answer % Correct
I
100%
i
100%
me
100%
say
100%
She
100%
she
100%
luv
93%
Do
87%
whatever
87%
a
80%
is
80%
save
80%
shit
80%
that
80%
favor
67%
bitch
60%
bad
53%
Like
53%
like
53%
We
53%
we
53%
kids
47%
so
47%
dat
40%
know
40%
the
33%
this
33%
go
27%
it
27%
be
20%
flexin
20%
fuck
20%
he
20%
in
20%
Nigga
20%
nigga
20%
no
20%
No
20%
on
20%
soul
20%
soulja
20%
Soulja,
20%
taxes
20%
to
20%
up
20%
want
20%
You
20%
you
20%
actin
13%
aint
13%
and
13%
cat
13%
get
13%
Im
13%
im
13%
million
13%
morning
13%
niggas
13%
over
13%
Pull
13%
pull
13%
sex
13%
smell
13%
swag
13%
Woke
13%
wreckless
13%
2012
7%
arguing
7%
better
7%
clips
7%
down
7%
fin
7%
following
7%
freshin
7%
jeans
7%
kill
7%
lamborghini
7%
motion
7%
My
7%
my
7%
neck
7%
Omg
7%
only
7%
panamera
7%
piss
7%
rock
7%
slow
7%
stay
7%
take
7%
whip
7%
with
7%
yea
7%
30
0%
80
0%
acting
0%
Alot
0%
baby,
0%
back
0%
bone
0%
cell
0%
chill
0%
clang
0%
cling
0%
come
0%
crazy
0%
em
0%
eveyrthing,
0%
feeling
0%
fonie
0%
going
0%
Good
0%
got
0%
Gucci
0%
hammer
0%
Hanging
0%
heart
0%
hectic
0%
here
0%
its
0%
lady,
0%
lens,
0%
lot
0%
loud
0%
mixtape
0%
New
0%
of
0%
out
0%
outta
0%
packs
0%
road
0%
Rocking
0%
roof
0%
sadie
0%
says
0%
see
0%
Sodmg
0%
sold
0%
soulsa,
0%
Speakers
0%
steady
0%
streets
0%
suck
0%
swagga
0%
they
0%
trap
0%
versace
0%
Whipping
0%
windows
0%
ya
0%
Yellow
0%
youre
0%
No matching quizzes found
Score Distribution
Percent of People with Each Score
Percentile by Number Answered
Your Score History
You have not taken this quiz